000 02206nam a2200445 a 4500
001 000012773
003 DO-SdBNP
005 20180309081702.0
007 000012773
008 091117s2014 dr ac 000 0 spa d
020 _a9789945118315
040 _aBPMSU
_bspa
_cBPMSU
082 0 4 _a373.6561
_bI37L 1ro. 2014
100 1 _aIncháustegui, María Isabel
245 1 0 _aLengua y literatura 1 :
_beducación media /
_cMaría Isabel Incháustegui ; dirección editorial de Claudia Llibre y Obdulia García de Escobar ; ilustración Ruddy Núñez
260 _aSanto Domingo :
_bSantillana,
_c2014.
300 _a279 p. :
_bil., retrs. ;
_c28 cm.
490 1 _aInnova
500 _aPrimer de bachillerato 1er. grado/ 1er. Ciclo
500 _aEste libro ha sido realizado de conformidad con el currículum vigente y ha sido sometido a la aprobación del MINERD (Ministerio de Educación República Dominicana)
505 0 _gPrimer de bachillerato 1er. grado/ 1er. Ciclo
_tCrear y recrear mundos imaginarios --
_tOrgullo de mi tierra --
_tVan Gogh: los últimos paisajes --
_tProyecto: Rescate de la tradición oral --
_tUn retrato sorprendente --
_tPasarla bien: ¿radiografía de nuestro tiempo? --
_tEl poder de la palabra --
_tÁrboles que florecen en nuestro país --
_tNuestros océanos. Oportunidades y desafios
_tDiálogos en los medios --
_tMedios masivos: constructores de realidad --
650 4 _aESPAÑOL
_xENSEÑANZA BÁSICA
650 4 _aESPAÑOL
_xEDUCACIÓN SECUNDARIA
650 4 _aESPAÑOL
_xESTUDIOS Y EJERCICIOS
650 4 _aESPAÑOL
_xLIBROS DE TEXTOS
650 4 _aEDUCACIÓN SECUNDARIA
_zREPÚBLICA DOMINICANA
650 4 _aLITERATURA
_xENSEÑANZA SECUNDARIA
650 4 _aLITERATURA
_xEDUCACIÓN SECUNDARIA
650 4 _aLITERATURA
_xESTUDIOS Y EJERCICIOS
650 4 _aLITERATURA
_xLIBROS DE TEXTOS
700 1 _aNúñez, Ruddy,
_eil.
700 1 _aLlibre, Claudia
_eed.
700 1 _aGarcía de Escobar, Obdulia,
_eed.
830 0 _aInnova
910 _aValidado. Control de calidad MFF
942 _2ddc
_cBK
945 _aRemanejado para la BNPHU / 2018 VM
956 _aVMATEO
_b10
_c20150813
_lBPMSR
_h00151
956 _aLOPEREZ
_b10
_cBPMSU
_l20160412
_h00041
999 _c8193
_d8193